[Event "Berlin-ch Seniors op 24th"]
[Site "Berlin"]
[Date "2008.02.26"]
[Round "6"]
[White "Mayer, Herbert"]
[Black "Kuehnast, Joerg"]
[Result "1-0"]
[WhiteElo "1839"]
[BlackElo "1697"]
[PlyCount "95"]
[EventDate "2008.02.21"]
[EventType "swiss"]
[EventRounds "9"]
[EventCountry "GER"]
[SourceTitle "EXT 2022"]
[Source "ChessBase"]
[SourceDate "2021.10.06"]
[SourceVersion "1"]
[SourceVersionDate "2021.10.06"]
[SourceQuality "1"]

1. f4 d5 2. b3 Nf6 3. Nf3 Nc6 4. e3 Bg4 5. Bb5 e6 6. 0-0 Be7 7. Bb2 Qd7 8. Qe1 Bxf3 9. Rxf3 a6 10. Bxc6 Qxc6 11. Nc3 0-0-0 12. a4 Bc5 13. Ne2 Rhg8 14. d4 Ba7 15. Rc1 Qd6 16. c4 c6 17. c5 Qc7 18. Bc3 Nd7 19. Ba5 b6 20. cxb6 Bxb6 21. Bxb6 Qxb6 22. Qc3 Nb8 23. f5 Rd6 24. fxe6 fxe6 25. Rf7 Rd7 26. Rxd7 Kxd7 27. Rf1 a5 28. Qc2 g6 29. Rf7+ Ke8 30. Rxh7 Nd7 31. Nf4 Nf8 32. Rh6 Qc7 33. Nd3 Qd6 34. Ne5 c5 35. Qxc5 Qxc5 36. dxc5 Nd7 37. Nc6 Nxc5 38. Nxa5 Rg7 39. Rh8+ Kd7 40. Rb8 Kd6 41. Rb6+ Ke5 42. Kf2 Rf7+ 43. Ke2 Rc7 44. Nc6+ Kf5 45. Nd4+ Kf6 46. a5 Kf7 47. b4 e5 48. Nb5 1-0